Komentár k zákonu č.600/1992 Zb. o cenných papieroch v znení zákona NR SR č.88/1994 Z.z. vrátane úplného znenia zákona

Komentár a úplné znenie zákona, ktorý nadobudol účinnosť 15.4.1994.

Salvato in:
Dettagli Bibliografici
Autore principale: Kohút, J.
Natura: Capitolo di libro
Lingua:slovacco
Soggetti:
Tags: Aggiungi Tag
Nessun Tag, puoi essere il primo ad aggiungerne!!

MARC

LEADER 00000naa a2200000 4500
001 r015401
005 20221213113745.1
041 0 |a slo 
044 |a SK 
245 1 0 |a Komentár k zákonu č.600/1992 Zb. o cenných papieroch v znení zákona NR SR č.88/1994 Z.z. vrátane úplného znenia zákona  |c J. Kohút 
520 |a Komentár a úplné znenie zákona, ktorý nadobudol účinnosť 15.4.1994. 
610 2 0 |a papiere cenné 
610 2 0 |a zákony 
610 2 0 |a Slovensko 
610 2 0 |a 1992 
610 2 0 |a 1994 
610 2 0 |a komentáre 
100 1 |a Kohút, J.